000
00435nam a2200145Ia 4500
008
100204s9999 xx 000 0 und d
082
_b
6321
100
_a
पुरम प्रभावती रा.
245
_a
भरतकला
260
_b
"कलाविकास प्रकाशन , पुणे"
_c
1978
300
_a
149
630
_a
भरतकला
730
_a
भरतकला
942
_c
BOOK
999
_c
450785
_d
450782